Loading...
| Philosophy | 0 | 6 | 1 | 2 | 55 | 42 | 61.17 | 4 | 6 | 25.92 | 47.73 |
| Science - Other | 0 | 5 | 2 | 0 | 40 | 31 | 52.60 | 3 | 4 | 26.40 | 38.64 |
| Social Science | 0 | 4 | 1 | 0 | 35 | 61 | 89.50 | 1 | 2 | 8.13 | 25.00 |
| Science - Chemistry | 0 | 3 | 0 | 0 | 30 | 45 | 60.33 | 2 | 3 | 12.51 | 25.00 |
| Science - Physics | 0 | 4 | 2 | 0 | 30 | 39 | 54.75 | 0 | 4 | 19.78 | 29.55 |
| Literature - European | 0 | 2 | 0 | 0 | 20 | 79 | 88.00 | 0 | 2 | 6.45 | 15.91 |
| Fine Arts - Other | 0 | 2 | 0 | 1 | 20 | 101 | 117.50 | 0 | 1 | 1.69 | 6.82 |
| Mythology | 0 | 2 | 1 | 0 | 15 | 37 | 60.00 | 2 | 2 | 9.58 | 18.18 |
| Fine Arts - Classical Music | 0 | 2 | 1 | 0 | 15 | 107 | 114.50 | 0 | 1 | 1.41 | 7.95 |
| Popular Culture | 0 | 1 | 0 | 0 | 10 | 63 | 63.00 | 0 | 1 | 19.05 | 20.83 |
| Literature - British | 0 | 1 | 0 | 0 | 10 | 111 | 111.00 | 0 | 0 | 1.56 | 3.41 |
| History - European | 0 | 1 | 0 | 0 | 10 | 70 | 70.00 | 1 | 1 | 4.00 | 4.55 |
| Literature - American | 0 | 1 | 0 | 0 | 10 | 32 | 32.00 | 0 | 1 | 7.03 | 7.95 |
| Religion | 0 | 1 | 0 | 0 | 10 | 80 | 80.00 | 0 | 1 | 2.98 | 6.82 |
| Science - Biology | 0 | 1 | 0 | 0 | 10 | 72 | 72.00 | 0 | 1 | 3.03 | 7.95 |
| Other Academic | 0 | 0 | 1 | 0 | -5 | 0.00 | 0 | 0 | 0.00 | 0.00 |